00253nam a2200097Ia 4500008004100000020001800041100002000059245003500079260002700114300001400141171211s9999 xx 000 0 und d a9789719800736 aLo, Raymundo W. aBasic Hispathologyc Techniques bC & E Publishingc2015 a187 pages